LIBRARY & INFORMATION CENTRE, KCAET, TAVANUR

ONLINE PUBLIC ACCESS CATALOGUE (OPAC)

Volga muthal ganga vare / (Record no. 6552)

MARC details
000 -LEADER
fixed length control field 00428cam a2200169ua 4500
041 ## - LANGUAGE CODE
Language code of text/sound track or separate title mal
082 ## - DEWEY DECIMAL CLASSIFICATION NUMBER
Classification number 894.812301
Item number RAH/VO
100 ## - MAIN ENTRY--AUTHOR NAME
Personal name Rahul, Sankrityayan .
245 ## - TITLE STATEMENT
Title Volga muthal ganga vare /
260 ## - PUBLICATION, DISTRIBUTION, ETC. (IMPRINT)
Place of publication Thrissur :
Name of publisher Mangalodhayam pvt ltd ,
Year of publication 1965.
300 ## - PHYSICAL DESCRIPTION
Number of Pages 390 ; .
942 ## - ADDED ENTRY ELEMENTS (KOHA)
Koha item type Books
Holdings
Withdrawn status Lost status Damaged status Home library Current library Date acquired Full call number Accession Number Koha item type Public note
Withdrawn     KAUAET KAUAET 07/04/2012 894.812301 9286 Books Deleted
free website counter